000 00920nam a2200205 i 4500
001 184574
003 ES-MaACL
005 20231227062637.0
008 151023s1950 sp |||| | spa d
245 0 0 _aColección diplomática de San Salvador de Oña :
_b(822-1284) /
_cprólogo del Excmo. Sr. D. Ramón Menéndez Pidal.
260 _aMadrid :
_b[s.n.],
_c1950 (
_fEstades)
300 _a2 v. ;
_c25 cm.
505 8 _aContiene: Tomo I: 822-1214.- XLIX + 486 pág. + 1 hoj. + 1 map. + lám. I-XIX -- Tomo II: 1215-1283... 2 hoj. + pág. desde 287 a 1027 + 1 hoj.
594 _aPrecede al tit.: Consejo Superior de Investigaciones Científicas. Escuela de Estudios Medievales... Juan del Alamo.
651 4 _aCastilla (Reino)-
_xHistoria-
_vFuentes.
_9146746
700 1 _aMenéndez Pidal, Ramón,
_d1869-1968
_980315
852 _aES-MaACL
_jD-6797-98
852 _aES-MaACL
_jD-7321-22
999 _c184574
_d184574